|
|
|
|
| LEADER |
00000nam#a2200000#a#4500 |
| 001 |
005626 |
| 005 |
20160721143656.0 |
| 008 |
990417s1986####sp##################spa#d |
| 020 |
|
|
|a 8428319901
|
| 040 |
|
|
|a AR-beUNQ
|
| 099 |
|
|
|a 21-B11
|
| 100 |
1 |
|
|a Bertin, M
|
| 245 |
0 |
2 |
|a Optica y física ondulatoria :
|b óptica geométrica y física. Fenómenos de propagación
|c M. Bertin, J. P. Faroux.
|
| 260 |
|
|
|a Madrid :
|b Paraninfo,
|c 1986
|
| 300 |
|
|
|a 351 p
|
| 650 |
|
7 |
|a OPTICA GEOMETRICA
|2 Spines
|
| 650 |
|
7 |
|a FISICA DE LA VISION
|2 Spines
|
| 653 |
|
|
|a FISICA ONDULATORIA
|
| 700 |
1 |
|
|a Faroux, J. P
|
| 929 |
|
|
|j 25281
|
| 942 |
|
|
|c LIB
|n 0
|
| 999 |
|
|
|c 8382
|d 83769
|